| 000 | 01131nam a22002657a 4500 | ||
|---|---|---|---|
| 005 | 20170124103122.0 | ||
| 010 | _aB-091687 | ||
| 020 |
_c125.00 _a8173154228 |
||
| 035 | _aB-091687 | ||
| 037 | _bCen Lib / Ret | ||
| 040 |
_aDPL _bHN |
||
| 082 |
_a080 _bकलाम |
||
| 100 |
_aकलाम, ए.पी.जे. अब्दुल _982226 |
||
| 245 |
_aतेजस्वी मन / _cए.पी.जे. अब्दुल कलाम ; अनुवादक अरुण तिवारी |
||
| 246 |
_aTejasvi man / _bby A.P.J. Abdul Kalam |
||
| 260 |
_aदिल्ली _bप्रभात प्रकाशन _c2003 |
||
| 270 |
_aदिल्ली _b4/19, आसफ अली रोड _e110002 |
||
| 300 |
_a126पृ. _c20सेमी (सजिल्द) |
||
| 650 |
_aराजनीति शास्त्र _982227 |
||
| 650 |
_aराजनीति शास्त्र--अध्यक्ष _93276 |
||
| 650 |
_aPolitics _96612 |
||
| 650 |
_aPolitics - President _982228 |
||
| 700 |
_aतिवारी, अरुण _982229 |
||
| 942 |
_2ddc _cHN _h080 _mकलाम |
||
| 999 |
_c118861 _d118861 |
||